| 000 | 00602nam a2200181 u 4500 | ||
|---|---|---|---|
| 001 | 000300850 | ||
| 003 | AM-YeHGA | ||
| 005 | 20250617130110.0 | ||
| 008 | 040119s1988 ||| r 000 0 rus d | ||
| 040 | _aAM-YeHGA | ||
| 041 | 1 |
_arus _htar |
|
| 100 | 1 | _aФайзуллин, Равиль Абдрахманович | |
| 245 | 1 | 0 |
_aСилуэт : _bСтихи : Пер. с татар. / _cРавиль Файзуллин. |
| 260 |
_aКазань : _bТат. кн. изд-во, _c1988. |
||
| 300 |
_a223 с. _b[1] л. портр. |
||
| 653 | 0 | _aТатарская литература | |
| 090 | _c112084 | ||
| 999 |
_c110748 _d110748 |
||